| 000 | 00383nam a2200157Ia 4500 | ||
|---|---|---|---|
| 008 | 230917s9999||||xx |||||||||||||| ||und|| | ||
| 040 |
_e79082 _aMAIN |
||
| 041 | _aEnglish | ||
| 082 | _a346.086 G989H | ||
| 100 | _aGyanendra Kumar | ||
| 245 | 0 | _aHandbook on insurance law | |
| 250 | _a3rd ed. | ||
| 260 |
_aAllahabad _bLaw Publishers _c1989 |
||
| 300 | _axvi, 157 p. | ||
| 942 | _cBK | ||
| 999 |
_c67717 _d67717 |
||